| 000 | 00862nam a2200277 a 4500 | ||
|---|---|---|---|
| 008 | |||
| 020 | _a0941406393 (pbk.) | ||
| 049 | _aMAIN | ||
| 090 | 0 | 1 | _aR838.4 |
| 100 | 1 | _aCrawford, Jane Diehl. | |
| 245 | 1 | 4 |
_aThe premedical planning guide / _cJane Diehl Crawford. |
| 250 | _a3rd ed. | ||
| 260 |
_aBaltimore. : _bWilliams and Wilkins, _cc1994. |
||
| 300 |
_ax, 182 p. ; _c23 cm. |
||
| 500 | _aIncludes index. | ||
| 504 | _aIncludes bibliographical references. | ||
| 650 | 0 |
_aMedical colleges _zUnited States _xAdmission. |
|
| 650 | 0 |
_aMedicine _xVocational guidance. |
|
| 650 | 0 |
_aOsteopathic medicine _xVocational guidance. |
|
| 650 | 0 |
_aPodiatry _xVocational guidance. |
|
| 907 |
_a.b10164418 _b10-06-05 _c01-06-05 |
||
| 003 | |||
| 005 | 20230120203857.0 | ||
| 040 | _cNUST | ||
| 942 |
_cBOOKS _kR838.4 |
||
| 999 |
_c113090 _d113090 |
||